| 000 | 00726nam a2200253Ia 4500 | ||
|---|---|---|---|
| 003 | OSt | ||
| 005 | 20221005093639.0 | ||
| 006 | a|||||r|||| 00| 0 | ||
| 007 | ta | ||
| 008 | 221004b |||||||| |||| 00| 0 eng d | ||
| 024 | _a17445 | ||
| 037 | _cTextual | ||
| 040 |
_aCRL _cCRL _beng |
||
| 041 |
_2eng _aeng |
||
| 082 | _aV462.N95<--N7, N5 | ||
| 110 |
_aOman, Information (Ministry of-) _9618660 |
||
| 245 | 0 |
_aOman'95 _b A celebration of 25 glorious years 1970-1995 |
|
| 260 |
_aOman _bMinistry of Information _c1995 |
||
| 300 |
_a252p. _ccm. |
||
| 650 | _aHISTORY | ||
| 700 |
_aOman, Information (Ministry of-) _9618661 |
||
| 942 |
_hV462.N95<--N7, N5 _cTEXL _2cc |
||
| 999 |
_c1000781 _d1000781 |
||